000 00429nam a2200181Ia 4500
001 18665
005 20260306171647.0
008 260306s9999||||xx |||||||||||||| ||und||
041 _aESP
082 _a658.421
_bV19
100 _aValdes, Luigi
_eAUT
245 0 _aLa re-evolución empresarial del siglo XXI
260 _c2002
300 _a546 páginas :
_c
650 _aGEN
654 _aCAN
942 _cLIB
_dJUS
_fJUS
_2ddc
_n
999 _c18665
_d18665